000 00604nas a2200217 i 4500
001 675
003 ES-MaACL
005 20250812074039.0
007 t|
008 950801d18431890xxk | | 1 ||ng d
080 _a410
245 0 0 _aColburn's united service magazine and Naval and military journal...
260 _a[London :
_bHurst and Blackett],
_c1843-1890.
300 _av ;
_c22 cm.
310 _aMensual
362 0 _aMai 1(843) -mars (1890)
650 7 _aArte y ciencia militar
_2embne
_9135619
852 _aES-MaACL
_jB-7716-23
866 0 _o1867(1868f.dic.)1869.
999 _c675
_d675